|
|
|
|
| LEADER |
00806nam a2200241 a 4500 |
| 001 |
000417787 |
| 003 |
CZ BrMZK |
| 005 |
19980105143423.0 |
| 007 |
ta |
| 008 |
980105s1986 xo f slo d |
| 040 |
|
|
|a BOA001
|b cze
|
| 080 |
|
|
|a 338.24(437)(082)
|2 MRF
|
| 100 |
1 |
|
|a Obrcian, Ivan
|7 jx20090613014
|4 aut
|
| 245 |
1 |
0 |
|a Zdokonaľovanie hospodárskeho mechanizmu /
|c Zost. Ivan Obrcian, Jan Přívara
|
| 250 |
|
|
|a 1. vyd.
|
| 260 |
|
|
|a Bratislava :
|b Pravda,
|c 1986
|
| 300 |
|
|
|a 136 s.
|
| 490 |
1 |
|
|a Na pomoc ekonomickej propagande a agitácii
|
| 700 |
1 |
|
|a Přívara, Jan,
|d 1929-
|7 jk01101605
|4 com
|
| 830 |
|
0 |
|a Na pomoc ekonomickej propagande a agitácii
|
| 910 |
|
|
|a BOA001
|b 2-0904.302
|
| 990 |
|
|
|a BK
|
| 996 |
7 |
|
|b 2619384028
|c 2-0904.302
|l MZK
|r Sklad / do 1 hodiny
|n 0
|w 000417787
|u 000010
|a 1
|e BOA001
|j MZK50
|s A
|